Sacramento Kings Quiz - Statistics

General Stats
  • This quiz has been taken 74 times
  • The average score is 23 of 42
Answer Stats
Hint Answer % Correct
Conference Western
96%
1
93%
1
93%
Division Pacific
89%
Team Primary colors Regalia
83%
Location(State) Sacramento, California
82%
2
79%
Team Secondary Colors White
79%
3
77%
Black
75%
1945–1957 Rochester Royals
75%
4
70%
14
68%
6
68%
16
65%
Year Founded 1923
63%
11
62%
12
62%
21
62%
1972–1985 Kansas City-Omaha Kings
61%
27
59%
1957–1972 Cincinnati Royals
59%
Chris Webber
58%
44
55%
Vlade Divac
54%
Vlade Divac
54%
Oscar Robertson
49%
Peja Stojaković
46%
Slate Gray
46%
Former City & Name(1923–1942) Rochester Seagrams
44%
1943–1945 Rochester Pros
42%
Arena Golden 1 Center
39%
Luke Walton
38%
Mitch Richmond
30%
Nate Archibald
28%
Maurice Stokes
21%
Jack Twyman
17%
Blue Diamond Growers
15%
Vivek Ranadivé
15%
Stockton Kings
10%
Sam Lacey
8%
Bob Davies
7%
No matching quizzes found
Score Distribution
Percent of People with Each Score
Percentile by Number Answered
Your Score History
You have not taken this quiz